[Event "Valle Region-ch"]
[Site "Cali"]
[Date "2013.06.28"]
[Round "1.6"]
[White "Arango Arenas, Juan Camilo"]
[Black "Aristizabal, Uriel"]
[Result "1-0"]
[WhiteElo "2123"]
[BlackElo "1600"]
[PlyCount "27"]
[EventDate "2013.06.28"]
[EventType "swiss"]
[EventRounds "5"]
[EventCountry "COL"]
[SourceTitle "EXT 2024"]
[Source "ChessBase"]
[SourceDate "2023.10.10"]
[SourceVersion "1"]
[SourceVersionDate "2023.10.10"]
[SourceQuality "1"]

1. e4 d5 2. exd5 Qxd5 3. Nc3 Qd8 4. Bc4 Nf6 5. d4 g6 6. Nf3 Bg7 7. Bf4 Nh5 8. Be3 Nc6 9. Qe2 Bg4 10. Bxf7+ Kxf7 11. Ng5+ Kg8 12. Qxg4 Nf6 13. Qe6+ Kf8 14. Qf7# 1-0

[Event "Valle Region-ch"]
[Site "Cali"]
[Date "2013.06.28"]
[Round "2.16"]
[White "Aristizabal, Uriel"]
[Black "Vargas, Luis Eduardo1111"]
[Result "0-1"]
[WhiteElo "1600"]
[BlackElo "1600"]
[PlyCount "56"]
[EventDate "2013.06.28"]
[EventType "swiss"]
[EventRounds "5"]
[EventCountry "COL"]
[SourceTitle "EXT 2024"]
[Source "ChessBase"]
[SourceDate "2023.10.10"]
[SourceVersion "1"]
[SourceVersionDate "2023.10.10"]
[SourceQuality "1"]

1. d4 e6 2. c3 c5 3. Nf3 d5 4. g3 Nc6 5. Bg2 Be7 6. Qd2 Nf6 7. Qg5 h6 8. Qxg7 Rh7 9. Qxh7 Nxh7 10. Bxh6 Ng5 11. h4 Nxf3+ 12. Bxf3 cxd4 13. cxd4 Nxd4 14. Bg2 Nc2+ 15. Kf1 Nxa1 16. Nd2 Qa5 17. f3 Qxa2 18. Kf2 Nc2 19. Nf1 Qxb2 20. h5 Qd4+ 21. e3 Qc3 22. Bf4 e5 23. Bh6 d4 24. exd4 Qxd4+ 25. Be3 Nxe3 26. Nxe3 Bc5 27. h6 Qxe3+ 28. Kf1 Qf2# 0-1